| 000 | 00847cam a2200241 i 4500 | ||
|---|---|---|---|
| 999 |
_c4128 _d4128 |
||
| 003 | OSt | ||
| 005 | 20220318074822.0 | ||
| 008 | 800721s1980 mau b 001 0 eng | ||
| 020 | _a0316102644 : | ||
| 040 | _cALUPE UNIVERSITY COLLEGE | ||
| 050 | 0 | 0 |
_aRC756 _b.M26 1980 |
| 245 | 0 | 0 |
_aManual of clinical problems in pulmonary medicine : _bwith annotated key references / _cedited by Richard A. Bordow, Edward W. Stool, Kenneth M. Moser. |
| 250 | _a1st ed. | ||
| 260 |
_aBoston : _bLittle, Brown, _cc1980. |
||
| 300 |
_axix, 535 p. ; _c22 cm. |
||
| 504 | _aIncludes bibliographical references and index. | ||
| 650 | 0 |
_aLungs _xDiseases _xHandbooks, manuals, etc. |
|
| 700 | 1 | _aBordow, Richard A. | |
| 700 | 1 | _aStool, Edward W. | |
| 700 | 1 |
_aMoser, Kenneth M., _d1929- |
|
| 906 |
_a7 _bcbc _corignew _d2 _eopcn _f19 _gy-gencatlg |
||
| 942 |
_2lcc _cBK _nPW |
||